[Event "LASS Sanktionerade"]
[Site "Linköping"]
[Date "2013.05.11"]
[Round "5"]
[White "Svensson, Anders"]
[Black "Muganlinskij, Alemed"]
[Result "1/2-1/2"]
[WhiteElo "1606"]
[BlackElo "1556"]
[PlyCount "85"]
[EventDate "2013.05.09"]
[EventType "tourn"]
[EventRounds "7"]
[EventCountry "SWE"]

1. e4 d6 2. d4 Nf6 3. Nc3 g6 4. Nf3 Bg7 5. Be3 c6 6. Bd3 b5 7. a4 b4 8. Ne2 Qa5
9. O-O Bg4 10. Ng3 O-O 11. h3 Bxf3 12. Qxf3 Nbd7 13. Rfe1 c5 14. b3 cxd4 15.
Bxd4 Ne5 16. Qe3 Nxd3 17. cxd3 Nd7 18. Bxg7 Kxg7 19. d4 Rac8 20. Rac1 Qb6 21.
Ne2 a5 22. Red1 Kg8 23. Nf4 e6 24. Qd2 Nf6 25. Qd3 Rfd8 26. Kh2 d5 27. e5 Ne4
28. Ne2 Nxf2 29. Qe3 Nxd1 30. Rxd1 Rc2 31. Rf1 Rdc8 32. Qf4 Qa7 33. Ng1 R2c3
34. Nf3 Rxf3 35. Rxf3 Rc3 36. Qf6 Qc7 37. h4 Qd7 38. h5 Rxf3 39. gxf3 gxh5 40.
Qg5+ Kh8 41. Qxh5 Kg7 42. Qg5+ Kh8 43. Qf6+ 1/2-1/2

[Event "LASS Sanktionerade"]
[Site "Linköping"]
[Date "2013.05.11"]
[Round "5"]
[White "Knutsson, Håkan"]
[Black "Nguyen, Gabriel"]
[Result "0-1"]
[WhiteElo "1827"]
[BlackElo "1452"]
[PlyCount "170"]
[EventDate "2013.05.09"]
[EventType "tourn"]
[EventRounds "7"]
[EventCountry "SWE"]

1. e4 c5 2. Nf3 d6 3. d4 cxd4 4. Nxd4 Nf6 5. Nc3 g6 6. Be3 Bg7 7. f3 O-O 8. Qd2
Nc6 9. O-O-O d5 10. exd5 Nxd5 11. Nxc6 bxc6 12. Bd4 Bf5 13. Bxg7 Kxg7 14. Nxd5
cxd5 15. Qxd5 Qc7 16. Qd4+ Kg8 17. Qa4 Rfc8 18. Rd2 Qe5 19. Bc4 Rab8 20. Bb3
Rd8 21. Rxd8+ Rxd8 22. Qc4 Qe3+ 23. Kb1 Be6 24. Qf1 Bf5 25. Qe1 Qg5 26. g4 Bc8
27. h4 Qf6 28. Rf1 Ba6 29. g5 Qd6 30. c4 Qd3+ 31. Bc2 Qxc4 32. Rg1 Qc5 33. h5
Kg7 34. hxg6 hxg6 35. Rg2 Bb7 36. Rg3 Rc8 37. Qd2 Qc4 38. f4 Qf1+ 39. Bd1 Be4+
40. Ka1 Bc2 41. Qd4+ Kg8 42. Rg1 Bxd1 43. Qxd1 Qxf4 44. a3 Rb8 45. Qd5 Qf2 46.
Rb1 e6 47. Qe5 Rd8 48. Rh1 Kf8 49. Qc7 Rd2 50. Qb8+ Ke7 51. Qb4+ Kd7 52. Qb7+
Kd6 53. Rc1 Qb6 54. Qxb6+ axb6 55. Rf1 e5 56. Rxf7 e4 57. Kb1 e3 58. Kc1 Rd5
59. Rf1 Rxg5 60. Kd1 Kd5 61. Rf8 Ke4 62. Ke1 Rg1+ 63. Ke2 Rg2+ 64. Ke1 Rxb2 65.
Re8+ Kf3 66. Rf8+ Kg4 67. Re8 Rb3 68. a4 g5 69. Ke2 Kg3 70. Rb8 Ra3 71. Rxb6
Rxa4 72. Kxe3 Rf4 73. Rg6 g4 74. Ke2 Kg2 75. Ke3 Rf3+ 76. Ke2 g3 77. Rg8 Rf2+
78. Ke1 Kh2 79. Rh8+ Kg1 80. Rg8 g2 81. Rg7 Rf3 82. Ke2 Rh3 83. Rf7 Kh2 84. Rf2
Kh1 85. Rf3 Rxf3 0-1

[Event "LASS Sanktionerade"]
[Site "Linköping"]
[Date "2013.05.11"]
[Round "5"]
[White "Ohlin, Johnny"]
[Black "Andersson, Görgen"]
[Result "1-0"]
[WhiteElo "1773"]
[BlackElo "1843"]
[PlyCount "55"]
[EventDate "2013.05.09"]
[EventType "tourn"]
[EventRounds "7"]
[EventCountry "SWE"]

1. d4 d5 2. Nf3 Nc6 3. Bf4 Bg4 4. e3 e6 5. Be2 Bd6 6. Bxd6 Qxd6 7. O-O Nf6 8.
Nbd2 O-O 9. Rc1 Ne4 10. Nxe4 dxe4 11. Nd2 Bxe2 12. Qxe2 f5 13. a3 Rad8 14. c4
e5 15. d5 Ne7 16. Rfd1 Qg6 17. f3 c6 18. fxe4 fxe4 19. dxc6 Nxc6 20. c5 Rd3 21.
Nc4 Rfd8 22. Nd6 b6 23. b4 bxc5 24. Qa2+ Kf8 25. Rf1+ Ke7 26. Rf7+ Qxf7 27.
Qxf7+ Kxd6 28. bxc5# 1-0

[Event "LASS Sanktionerade"]
[Site "Linköping"]
[Date "2013.05.11"]
[Round "6"]
[White "Batra, Sagar"]
[Black "Ohlin, Johnny"]
[Result "1-0"]
[WhiteElo "1355"]
[BlackElo "1773"]
[PlyCount "93"]
[EventDate "2013.05.09"]
[EventType "tourn"]
[EventRounds "7"]
[EventCountry "SWE"]

1. e4 c6 2. c4 g6 3. d4 Bg7 4. f4 d5 5. e5 dxc4 6. Bxc4 b5 7. Bb3 e6 8. Nf3 Ne7
9. Bd2 a5 10. Bc2 Bb7 11. Nc3 Nf5 12. Ne4 O-O 13. Nc5 Ra7 14. Bxf5 exf5 15. O-O
Bc8 16. Be3 Nd7 17. d5 cxd5 18. Ne6 fxe6 19. Bxa7 Rf7 20. Ng5 Re7 21. Rc1 h6
22. Nf3 Nxe5 23. Nxe5 Rxa7 24. Nc6 Qb6+ 25. Kh1 Rc7 26. Ne7+ Rxe7 27. Rxc8+ Kh7
28. Qd2 b4 29. Rfc1 d4 30. R1c6 Qb5 31. Qd1 e5 32. fxe5 Qxe5 33. h3 Qg3 34. Rc1
Be5 35. Qg1 d3 36. Rd1 Bxb2 37. Rd8 Be5 38. R1xd3 Qh4 39. R3d7 Bf6 40. Rxe7+
Bxe7 41. Rd1 Qf6 42. Re1 Kg7 43. Qa7 Kf7 44. Qxa5 g5 45. Re5 Bd8 46. Qd5+ Kg7
47. Qd7+ 1-0

[Event "LASS Sanktionerade"]
[Site "Linköping"]
[Date "2013.05.11"]
[Round "6"]
[White "Svensson, Anders"]
[Black "Knutsson, Håkan"]
[Result "0-1"]
[WhiteElo "1606"]
[BlackElo "1827"]
[PlyCount "88"]
[EventDate "2013.05.09"]
[EventType "tourn"]
[EventRounds "7"]
[EventCountry "SWE"]

1. e4 c5 2. c3 Nf6 3. e5 Nd5 4. d4 cxd4 5. Nf3 e6 6. cxd4 d6 7. Bc4 Nc6 8. O-O
Be7 9. Qe2 O-O 10. Nc3 Nxc3 11. bxc3 dxe5 12. dxe5 Qa5 13. a4 Qc7 14. Re1 b6
15. Qe4 Bb7 16. Bd3 g6 17. Qg4 Rfd8 18. Bc2 Bf8 19. Bg5 Ne7 20. Rac1 Rac8 21.
h4 h5 22. Qg3 Bxf3 23. gxf3 Rd7 24. Bxe7 Rxe7 25. Kh1 Bg7 26. Qg5 Qd8 27. Rg1
Qf8 28. Be4 Bh6 29. Qf6 Bxc1 30. Rxc1 Rec7 31. Rg1 Qg7 32. Qg5 Kh8 33. f4 Rxc3
34. f3 Rc1 35. f5 Rxg1+ 36. Kxg1 Qxe5 37. Qh6+ Kg8 38. fxg6 Qg3+ 39. Kf1 fxg6
40. Bxg6 Qxf3+ 41. Ke1 Qc3+ 42. Ke2 Qb2+ 43. Kd3 Rd8+ 44. Ke4 Qe2+ 0-1

[Event "LASS Sanktionerade"]
[Site "Linköping"]
[Date "2013.05.11"]
[Round "6"]
[White "Nguyen, Gabriel"]
[Black "Stenman, Christoffer"]
[Result "0-1"]
[WhiteElo "1452"]
[BlackElo "1981"]
[PlyCount "78"]
[EventDate "2013.05.09"]
[EventType "tourn"]
[EventRounds "7"]
[EventCountry "SWE"]

1. d4 Nf6 2. c4 e5 3. dxe5 Ng4 4. Nf3 Nc6 5. Bf4 Bb4+ 6. Nbd2 Qe7 7. a3 Ngxe5
8. Bxe5 Nxe5 9. Nxe5 Bxd2+ 10. Qxd2 Qxe5 11. e3 a5 12. Be2 O-O 13. O-O Re8 14.
Qc2 Ra6 15. Rfd1 Rh6 16. g3 d6 17. Rd5 Qe6 18. Rh5 Rxh5 19. Bxh5 Qe5 20. Bf3 b6
21. Rd1 Bf5 22. Qd2 Kf8 23. Qd4 Be4 24. Bxe4 Qxe4 25. Qxe4 Rxe4 26. Rd4 Rxd4
27. exd4 d5 28. b3 a4 29. bxa4 dxc4 30. Kf1 Ke7 31. Ke2 Kd6 32. Kd2 Kd5 33. Kc3
g6 34. h4 h5 35. f3 f5 36. g4 fxg4 37. fxg4 hxg4 38. Kd2 Kxd4 39. Ke2 c3 0-1

[Event "LASS Sanktionerade"]
[Site "Linköping"]
[Date "2013.05.11"]
[Round "6"]
[White "Muganlinskij, Alemed"]
[Black "Andersson, Görgen"]
[Result "0-1"]
[WhiteElo "1556"]
[BlackElo "1843"]
[PlyCount "122"]
[EventDate "2013.05.09"]
[EventType "tourn"]
[EventRounds "7"]
[EventCountry "SWE"]

1. e4 d5 2. exd5 Qxd5 3. Nc3 Qd6 4. d4 Nf6 5. Nf3 a6 6. g3 Bg4 7. Bg2 Nc6 8.
O-O O-O-O 9. d5 Ne5 10. Bf4 Nxf3+ 11. Bxf3 Bxf3 12. Qxf3 e5 13. dxe6 Qxe6 14.
Bg5 Rd6 15. Rfe1 Qd7 16. Rad1 Be7 17. Bxf6 gxf6 18. Rxd6 Qxd6 19. Qg4+ Kb8 20.
Rd1 Qe6 21. Qg7 Re8 22. Qxh7 f5 23. Qh5 Bf6 24. Qf3 c6 25. Qf4+ Be5 26. Qb4 f4
27. Na4 fxg3 28. hxg3 Bxg3 29. Qxb7+ Kxb7 30. Nc5+ Kb6 31. Nxe6 Be5 32. f4 Bxb2
33. Rb1 Rxe6 34. Rxb2+ Kc5 35. Kf2 Re4 36. Kf3 Rb4 37. Rxb4 Kxb4 38. Ke4 Kc3
39. Ke5 Kxc2 40. Kf6 c5 41. Kxf7 c4 42. f5 c3 43. f6 Kb2 44. Kg6 c2 45. f7 c1=Q
46. f8=Q Qc6+ 47. Kg5 Kxa2 48. Qf7+ Ka3 49. Qe7+ Ka4 50. Kg4 a5 51. Qe1 Qg6+
52. Kh3 Qd3+ 53. Kg2 Qd5+ 54. Kh3 Ka3 55. Qc1+ Kb4 56. Qe1+ Kb3 57. Qe3+ Kc2
58. Qf4 Qb3+ 59. Kh2 a4 60. Qe4+ Kb2 61. Kh1 Qd1+ 0-1

[Event "LASS Sanktionerade"]
[Site "Linköping"]
[Date "2013.05.12"]
[Round "7"]
[White "Knutsson, Håkan"]
[Black "Muganlinskij, Alemed"]
[Result "1-0"]
[WhiteElo "1827"]
[BlackElo "1556"]
[PlyCount "59"]
[EventDate "2013.05.09"]
[EventType "tourn"]
[EventRounds "7"]
[EventCountry "SWE"]

1. e4 d6 2. d4 Nf6 3. Nc3 g6 4. Nf3 Bg7 5. Be2 O-O 6. O-O c6 7. a4 Nbd7 8. a5
Qc7 9. Be3 Re8 10. Nd2 e5 11. dxe5 dxe5 12. Nc4 Rd8 13. Qc1 Nf8 14. f3 Ne6 15.
Qe1 Nh5 16. g3 Nd4 17. Bd3 Be6 18. Qf2 Nb3 19. cxb3 Rxd3 20. Bxa7 Rxf3 21. Qxf3
Rxa7 22. Na4 Bxc4 23. bxc4 Rxa5 24. c5 Ra8 25. Nb6 Rf8 26. Rad1 Qe7 27. b4 f5
28. Rd7 Qg5 29. Rxb7 fxe4 30. Rxg7+ 1-0

[Event "LASS Sanktionerade"]
[Site "Linköping"]
[Date "2013.05.12"]
[Round "7"]
[White "Stenman, Christoffer"]
[Black "Svensson, Anders"]
[Result "1-0"]
[WhiteElo "1981"]
[BlackElo "1606"]
[PlyCount "99"]
[EventDate "2013.05.09"]
[EventType "tourn"]
[EventRounds "7"]
[EventCountry "SWE"]

1. e4 c5 2. Nc3 Nc6 3. g3 g6 4. Bg2 Bg7 5. d3 d6 6. f4 Nf6 7. h3 O-O 8. Nf3 Rb8
9. Be3 Qa5 10. O-O Bd7 11. Qd2 Rfd8 12. f5 d5 13. exd5 Nd4 14. fxg6 Nxf3+ 15.
Rxf3 hxg6 16. Bf4 Rbc8 17. Re1 e6 18. Bg5 Nxd5 19. Nxd5 Qxd2 20. Ne7+ Kf8 21.
Nxg6+ Kg8 22. Ne7+ Kf8 23. Ng6+ Kg8 24. Bxd2 fxg6 25. Bc3 Bd4+ 26. Bxd4 cxd4
27. Rf2 Re8 28. Rc1 Kg7 29. Rcf1 Re7 30. Bxb7 Rb8 31. Be4 Rxb2 32. c4 dxc3 33.
Rxb2 cxb2 34. Rb1 e5 35. g4 Bb5 36. Rxb2 a6 37. Rc2 Rd7 38. Rc3 Kf6 39. Kf2 Rd4
40. h4 Rb4 41. Kg3 Rb2 42. g5+ Ke7 43. Bxg6 Rxa2 44. h5 Ra1 45. h6 Rh1 46. Rc8
Bd7 47. Rb8 Rg1+ 48. Kf2 Rh1 49. h7 Rh2+ 50. Kg1 1-0

[Event "LASS Sanktionerade"]
[Site "Linköping"]
[Date "2013.05.12"]
[Round "7"]
[White "Ohlin, Johnny"]
[Black "Nguyen, Gabriel"]
[Result "1-0"]
[WhiteElo "1773"]
[BlackElo "1452"]
[PlyCount "81"]
[EventDate "2013.05.09"]
[EventType "tourn"]
[EventRounds "7"]
[EventCountry "SWE"]

1. d4 Nf6 2. c4 g6 3. Nc3 Bg7 4. e4 d6 5. Nf3 O-O 6. Be2 e5 7. O-O Nc6 8. d5
Ne7 9. b4 Nd7 10. Be3 f5 11. Ng5 Nf6 12. f3 f4 13. Bf2 h5 14. Rc1 Nh7 15. Nxh7
Kxh7 16. c5 Bd7 17. cxd6 cxd6 18. Nb5 Bxb5 19. Bxb5 a6 20. Be2 Qd7 21. Bb6 Rfc8
22. Qd2 Rxc1 23. Rxc1 Rc8 24. Rc3 Bf8 25. Qc2 Kg7 26. Rc7 Rxc7 27. Qxc7 Qxc7
28. Bxc7 Ng8 29. a4 Nf6 30. b5 axb5 31. Bxb5 Kf7 32. a5 Ke7 33. Bc6 bxc6 34. a6
Ne8 35. Bb8 Nf6 36. dxc6 Kd8 37. a7 Ne8 38. a8=Q Nc7 39. Bxc7+ Kxc7 40. Qb7+
Kd8 41. Qd7# 1-0

[Event "LASS Sanktionerade"]
[Site "Linköping"]
[Date "2013.05.12"]
[Round "7"]
[White "Andersson, Görgen"]
[Black "Batra, Sagar"]
[Result "1/2-1/2"]
[WhiteElo "1843"]
[BlackElo "1355"]
[PlyCount "102"]
[EventDate "2013.05.09"]
[EventType "tourn"]
[EventRounds "7"]
[EventCountry "SWE"]

1. e4 c5 2. b3 d6 3. Bb2 e6 4. f4 Nc6 5. Nf3 Bd7 6. Be2 Qb6 7. O-O O-O-O 8. d4
cxd4 9. Kh1 e5 10. fxe5 dxe5 11. Ng5 Be8 12. Bc4 Be7 13. Bxf7 Kb8 14. Ne6 Rc8
15. Bxe8 Rxe8 16. Nxg7 Rc8 17. Nf5 Bf8 18. c3 Nf6 19. cxd4 exd4 20. Nxd4 Nxe4
21. Nxc6+ bxc6 22. Bd4 Rd8 23. Be5+ Ka8 24. Qc2 Qb5 25. Nc3 Qxe5 26. Nxe4 c5
27. Rae1 Re8 28. Qf2 Qc7 29. Qf3 Qb7 30. Nf6 Rxe1 31. Rxe1 Qxf3 32. Re8+ Kb7
33. gxf3 h6 34. Kg2 Kc6 35. Kh3 Bg7 36. Rxh8 Bxh8 37. Ng4 h5 38. Ne3 Bf6 39.
Kg3 Bd8 40. a4 a5 41. h3 c4 42. Nxc4 Kc5 43. f4 Kb4 44. f5 Kxb3 45. Nxa5+ Bxa5
46. f6 Kxa4 47. Kh4 Bd8 48. Kg5 h4 49. Kg6 Kb5 50. f7 Be7 51. Kh5 Kc6 1/2-1/2